La empresa familiar frente al nuevo Código Civil y Comercial (Registro nro. 30395)

Detalles MARC
000 -LEADER
fixed length control field 00368 a2200109 4500
001 - CONTROL NUMBER
control field ART_28156
005 - DATE AND TIME OF LATEST TRANSACTION
control field 20260410161951.0
008 - FIXED-LENGTH DATA ELEMENTS--GENERAL INFORMATION
fixed length control field 260409a
100 1# - MAIN ENTRY--PERSONAL NAME
Personal name Favier Dubois, Eduardo Mario (h)
245 10 - TITLE STATEMENT
Title La empresa familiar frente al nuevo Código Civil y Comercial
773 0# - HOST ITEM ENTRY
Title Temas de derecho comercial
Related parts - Año 1, Nº 2 (feb. 2015)
Record control number REV28151

No hay ítems disponibles.